00377nam a2200133Ia 450000500170000000800410001702000180005808200210007610000240009724500650012126000330018630000150021944000090023420241111155741.0240126s9999 xx 000 0 und d a9781484283578 a006.31 MAJ;1 R aMajumder, Abhilash. 0aDeep reinforcement learning in unity : with unity ML toolkit bApress MediaaNew Yorkc2021 axviii, 564 aNULL